| 000 | 00568cam a2200181 4500 | ||
|---|---|---|---|
| 001 | D15123 | ||
| 008 | 090401t xxu||||| |||| 00| 0 eng d | ||
| 035 | _a(Sirsi) u20378 | ||
| 041 | _aeng | ||
| 050 | _a333.3321 | ||
| 110 |
_aRoyal Institution of Chartered Surveyors _bLincolnshire Branch _9837 |
||
| 245 | _aBuilding society survey work. Talk .. given on 21st March 1973 at the Eastgate Hotel, Lincoln, to the Lincolnshire Branch of the RICS, by Colin Webb | ||
| 300 | _a15p | ||
| 350 | _a0 | ||
| 520 | _aFiled in Box 1973/50A | ||
| 942 | _n0 | ||
| 948 | _c04/03/1997 | ||
| 999 |
_c87811 _d87811 |
||